K vývoji zpracovatelského průmyslu v roce 1990.

Údaje o poklese priemyselnej produkcie (hrubej výroby) a o vývoji produktivity práce v ČSFR, v ČR i SR. Rozbor exportnej výkonnosti a otvorenosti spracovateľského priemyslu. Vývoj strojárstva. Organizačná štruktúra a ďalšie zmeny v nej.

Salvato in:
Dettagli Bibliografici
Autore principale: Bohatá, M.
Natura: Capitolo di libro
Lingua:ceco
Soggetti:
Tags: Aggiungi Tag
Nessun Tag, puoi essere il primo ad aggiungerne!!

MARC

LEADER 00000naa a2200000 4500
001 r004617
005 20221125080629.0
041 0 |a cze 
044 |a [CS] 
245 1 0 |a K vývoji zpracovatelského průmyslu v roce 1990.  |c M. Bohatá 
520 |a Údaje o poklese priemyselnej produkcie (hrubej výroby) a o vývoji produktivity práce v ČSFR, v ČR i SR. Rozbor exportnej výkonnosti a otvorenosti spracovateľského priemyslu. Vývoj strojárstva. Organizačná štruktúra a ďalšie zmeny v nej. 
610 2 0 |a priemysel spracovateľský 
610 2 0 |a 1990 
610 2 0 |a ČSFR 
610 2 0 |a Čechy 
610 2 0 |a Slovensko 
610 2 0 |a výroba hrubá 
610 2 0 |a údaje štatistické 
610 2 0 |a produktivita práce 
610 2 0 |a vývoz 
610 2 0 |a priemysel strojársky 
610 2 0 |a štruktúra organizačná 
100 1 |a Bohatá, M.